广州市知识测验 越秀历史部分 Guangzhou city quiz #2 - Statistics

General Stats
  • This quiz has been taken 30 times
  • The average score is 13 of 20
Answer Stats
问题 答案 % Correct
汉初在该地所建的国家 南越国
92%
“纪念堂”所纪念的人物 孙中山
92%
秦代起大部分时间该地所属的郡与县 南海郡/县
88%
市中心关于上述国家主题的博物馆 {南越王}博物院(王宫/王墓展区)
83%
下方有千年古道遗址展示的商业步行街 北京路
79%
秦代起大部分时间该地所属的郡与县 番禺县
75%
该国的开国君主姓名 赵佗
75%
广州第一座跨江大桥北端的广场 海珠广场
71%
2005年广州市行政区划调整中越秀区兼并的区 东山区
71%
越秀山上最著名的石像 五羊石像
63%
全球四座全石结构哥特式教堂之一 (石室)圣心大教堂
58%
“公园前”所说的是哪座公园? 人民公园
58%
天字码头、大沙头游船码头可乘坐的旅游项目 珠江夜游
58%
地铁5号线上以一座清代城门命名的地铁站,外国人聚居区 小北
54%
广州站建筑南立面上的八个红色大字(不用打空格/逗号) 统一祖国振兴中华
54%
地铁1号线上以一座清代城门命名的地铁站 西门口
50%
广州博物馆所处的古建筑,又名“五层楼” 镇海楼
50%
6号线规划时原名“越秀南”,后改名有所争议的地铁站 团一大广场
42%
每年在上题答案附近的西湖路、教育路举办的活动 花市
33%
北至麓湖路,南至江湾大桥,在河涌上架设的高架桥 东濠涌高架桥
25%
No matching quizzes found
Score Distribution
Percent of People with Each Score
Percentile by Number Answered
Your Score History
You have not taken this quiz